Statistics for Geographic Anagrams

Click here to take the quiz!

General Stats

  • This quiz has been taken 65 times
  • The average score is 20 of 30

Answer Stats

#ClueAnswer% Correct
CountryIran
92%
5Flying machinePlane
92%
4Liquid precipitationRain
92%
CountryNepal
91%
4Breakfast, lunch, dinner, egMeal
85%
4TooAlso
83%
CountryLaos
79%
5Argentinian danceTango
75%
CapitalMalé
74%
Mountain rangeAlps
72%
CapitalOslo
72%
4FriendsPals
72%
CountryPeru
70%
CountrySpain
70%
5AchesPains
68%
4UncontaminatedPure
68%
CountryChina
66%
4Chewie's pal Han ____Solo
66%
CountryTonga
66%
5As weak as its weakest linkChain
64%
4Burrowing insectivorous mammalMole
64%
5What monarchs doReign
64%
Mountain rangeAndes
62%
CountryNiger
62%
CapitalLomé
60%
4AdditionalMore
55%
CapitalRome
55%
5Golfing legend Sam _____Snead
30%
5Parasitic wingless insectLouse
28%
CapitalSeoul
28%

Score Distribution

Percentile by Number Answered

Percent of People with Each Score

Your Score History

You have not taken this quiz